Fresh flower arranging
| Main Author: | |
|---|---|
| Format: | Book |
| Published: |
U.Kingdom :
Magna Books ,
1994
|
| Subjects: |
MARC
| LEADER | 00000cam a2200000 7i4500 | ||
|---|---|---|---|
| 001 | 0000006448 | ||
| 002 | 000006960 | ||
| 005 | 20000330.0 | ||
| 020 | |a 1854225472 | ||
| 090 | 0 | 0 | |a 745.92 |b ROS |
| 100 | 1 | |a Rose, Jerry | |
| 245 | 1 | 0 | |a Fresh flower arranging |c Jerry Rose with Lisa Shelkin ; Photography by Tim Lee and Bruce McCandless |
| 260 | |a U.Kingdom : |b Magna Books , |c 1994 | ||
| 300 | |a 128p. ; |c 30cm. | ||
| 650 | 0 | 0 | |a Flower arrangement |
| 999 | |a 038030 |b BUKU |c PINJAMAN |e PERPUSTAKAAN KOMUNITI PETALING JAYA | ||